|
|
|
|
| LEADER |
00000nab a2200000 a 4500 |
| 001 |
vtls010703586 |
| 003 |
SK-MaSNL |
| 005 |
20260304194926.0 |
| 008 |
250709s1993 xo |||||||||||||||||slo| |
| 035 |
|
|
|a (urnnbn)urn:nbn:sk:snk:ar-a03twq
|
| 035 |
|
|
|a (uuid)4d7bf81c-089d-496a-9994-35e1aa304c22
|
| 035 |
|
|
|a urn:nbn:sk:snk-ab38k7
|
| 040 |
|
|
|a SNKBUCL
|b slo
|c SNKBUCL
|e AACR2
|
| 041 |
0 |
|
|a slo
|
| 044 |
|
|
|a xo
|c SK
|
| 100 |
1 |
|
|a Palovičová, Terézia Zuzana,
|d 1956-
|4 aut
|9 158201
|
| 245 |
1 |
0 |
|a K NIEKTORÝM FILOZOFICKÝM PROBLÉMOM SÚČASNÝCH KONCEPCIÍ PRÍRODY
|c Zuzana Palovičová
|
| 773 |
0 |
|
|t Filozofia
|g Roč. 48, č. 8 (1993), s. 490-496
|
| 850 |
|
|
|a Slovenská národná knižnica
|
| 852 |
|
|
|a Slovenská národná knižnica
|
| 954 |
|
|
|a odborná, vedecká literatúra pôvodná (slovenská)
|2 lita
|
| 958 |
|
|
|a article1
|
| 958 |
|
|
|a OND
|
| 958 |
|
|
|a EUIPO
|
| 999 |
|
|
|c 3077921
|d 3079851
|